2024/25 Premier League first XI - Statistics

General Stats
  • This quiz has been taken 5 times
  • The average score is 119 of 220
Answer Stats
Answer % Correct
Declan Rice
100%
Gabriel Magalhães
100%
Gabriel Martinelli
100%
José Sá
100%
Martin Ødegaard
100%
William Saliba
100%
Alexander Isak
80%
Alisson
80%
Amad Diallo
80%
Amadou Onana
80%
André Onana
80%
Anthony Gordon
80%
Ben White
80%
Bernardo Silva
80%
Bernd Leno
80%
Bruno Fernandes
80%
Bryan Mbeumo
80%
Bukayo Saka
80%
Cole Palmer
80%
David Raya
80%
Diogo Dalot
80%
Dominic Calvert-Lewin
80%
Eberechi Eze
80%
Ederson
80%
Emiliano Martínez
80%
Enzo Fernández
80%
Erling Haaland
80%
Guglielmo Vicario
80%
Harry Maguire
80%
Heung-min Son
80%
Idrissa Gueye
80%
Jérémy Doku
80%
John McGinn
80%
Jordan Pickford
80%
Joško Gvardiol
80%
Kai Havertz
80%
Kaoru Mitoma
80%
Kevin De Bruyne
80%
Kobbie Mainoo
80%
Leon Bailey
80%
Lisandro Martínez
80%
Luis Díaz
80%
Manuel Akanji
80%
Marc Guéhi
80%
Mateo Kovačić
80%
Matty Cash
80%
Michail Antonio
80%
Moisés Caicedo
80%
Morgan Gibbs-White
80%
Nick Pope
80%
Nicolas Jackson
80%
Noussair Mazraoui
80%
Oleksandr Zinchenko
80%
Ollie Watkins
80%
Pedro Porro
80%
Robert Sánchez
80%
Roméo Lavia
80%
Rúben Dias
80%
Savinho
80%
Thomas Partey
80%
Tomáš Souček
80%
Youri Tielemans
80%
Adam Smith
60%
Adam Wharton
60%
Alexis Mac Allister
60%
Alex Iwobi
60%
Alphonse Areola
60%
Andy Robertson
60%
Antoine Semenyo
60%
Antonee Robinson
60%
Brennan Johnson
60%
Bruno Guimarães
60%
Casemiro
60%
Christian Nørgaard
60%
Christopher Nkunku
60%
Chris Wood
60%
Cristian Romero
60%
Dan Burn
60%
Dango Ouattara
60%
Danny Welbeck
60%
Dean Henderson
60%
Diogo Jota
60%
Dominic Solanke
60%
Dominik Szoboszlai
60%
Fabian Schär
60%
James Milner
60%
James Tarkowski
60%
Jannik Vestergaard
60%
Jason Steele
60%
Jean-Philippe Mateta
60%
João Gomes
60%
Joelinton
60%
Joël Veltman
60%
Kristoffer Ajer
60%
Levi Colwill
60%
Lewis Dunk
60%
Marc Cucurella
60%
Marcus Rashford
60%
Mark Flekken
60%
Matz Sels
60%
Michael Keane
60%
Micky van de Ven
60%
Milos Kerkez
60%
Mohamed Salah
60%
Mohammed Kudus
60%
Morgan Rogers
60%
Nathan Collins
60%
Neco Williams
60%
Pape Matar Sarr
60%
Rodrigo Bentancur
60%
Rodrigo Gomes
60%
Ryan Gravenberch
60%
Tino Livramento
60%
Toti Gomes
60%
Trent Alexander-Arnold
60%
Virgil van Dijk
60%
Vitalii Mykolenko
60%
Wesley Fofana
60%
Wout Faes
60%
Yoane Wissa
60%
Abdoulaye Doucouré
40%
Alex Scott
40%
Anthony Elanga
40%
Axel Tuanzebe
40%
Ben Brereton Díaz
40%
Callum Hudson-Odoi
40%
Calvin Bassey
40%
Chris Richards
40%
Daichi Kamada
40%
Daniel Muñoz
40%
Destiny Udogie
40%
Emerson
40%
Ethan Pinnock
40%
Ezri Konsa
40%
Facundo Buonanotte
40%
Guido Rodríguez
40%
Harry Winks
40%
Hee-chan Hwang
40%
Ibrahim Sangaré
40%
Illia Zabarnyi
40%
Issa Diop
40%
Jack Hinshelwood
40%
Jacob Murphy
40%
James Justin
40%
James Maddison
40%
Jamie Vardy
40%
Jan Bednarek
40%
Jan van Hecke
40%
Jarell Quansah
40%
Jarrod Bowen
40%
Joachim Andersen
40%
João Pedro
40%
Jørgen Strand Larsen
40%
Kenny Tete
40%
Kevin Schade
40%
Konstantinos Mavropanos
40%
Kyle Walker-Peters
40%
Lewis Cook
40%
Lewis Hall
40%
Liam Delap
40%
Lucas Digne
40%
Lucas Paquetá
40%
Mads Hermansen
40%
Malo Gusto
40%
Marcus Tavernier
40%
Mario Lemina
40%
Mason Mount
40%
Mathias Jensen
40%
Mats Wieffer
40%
Matt Doherty
40%
Max Kilman
40%
Murillo
40%
Neto
40%
Ola Aina
40%
Omari Hutchinson
40%
Pau Torres
40%
Rayan Aït-Nouri
40%
Rico Lewis
40%
Rodrigo Muniz
40%
Saša Lukić
40%
Sean Longstaff
40%
Tyrick Mitchell
40%
Vitaly Janelt
40%
Vladimír Coufal
40%
Wilfred Ndidi
40%
Will Hughes
40%
Willy Boly
40%
Yankuba Minteh
40%
Abdul Fatawu
20%
Adam Armstrong
20%
Adama Traoré
20%
Alex McCarthy
20%
Andreas Pereira
20%
Ashley Young
20%
Bobby de Cordova-Reid
20%
Christian Walton
20%
Conor Chaplin
20%
Danilo
20%
Dean Huijsen
20%
Dwight McNeil
20%
Emile Smith Rowe
20%
Flynn Downes
20%
Jack Harrison
20%
Jack Stephens
20%
Jacob Greaves
20%
Jean-Ricner Bellegarde
20%
Joe Aribo
20%
Leif Davis
20%
Luis Sinisterra
20%
Luke Woolfenden
20%
Mads Roerslev
20%
Massimo Luongo
20%
Sam Morsy
20%
Taylor Harwood-Bellis
20%
Tim Iroegbunam
20%
Victor Kristiansen
20%
Wes Burns
20%
Will Smallbone
20%
Yerson Mosquera
20%
Yukinari Sugawara
20%
No matching quizzes found
Score Distribution
Percent of People with Each Score
Percentile by Number Answered
Your Score History
You have not taken this quiz